Najwieksze miasta w Polsce na każdą literę - Statystyki

Ogólne statystyki
  • Ten quiz został rozwiązany 283 razy
  • Średni wynik to 14 z 26
Statystyki odpowiedzi
Litera Miasto % Poprawnych
W Warszawa
94%
K Kraków
88%
G Gdańsk
86%
B Bydgoszcz
79%
L Lublin
78%
Ł Łódź
77%
P Poznań
77%
S Szczecin
70%
E Elbląg
68%
R Rzeszów
67%
C Częstochowa
63%
O Olsztyn
62%
T Toruń
61%
A Augustów
55%
I Inowrocław
52%
Z Zabrze
49%
Ż Żory
46%
F Frombork
45%
D Dąbrowa Górnicza
42%
Ć Ćmielów
36%
U Ustka
31%
N Nowy Sącz
27%
J Jastrzębie Zdrój
26%
M Mysłowice
25%
H Hajnówka
24%
Ś Świdnica
24%
Nie znaleziono quizów pasujących do podanych kryteriów
Rozkład punktacji
Procent ludzi z każdym wynikiem
Percentyl według liczby udzielonych odpowiedzi
Twoja historia wyników
Nie rozwiązałeś tego quizu